[Event "It (open)"]
[Site "masterchessopen.com Olomouc (Czech Republic)"]
[Round "4"]
[White "Ciuksyte Zivile (LTU)"]
[Black "Koci Ladislav (CZE)"]
[Result "1-0"]
[WhiteElo "2128"]
[BlackElo "1946"]

1.e4 c5 2.Nf3 d6 3.d4 cxd4 4.Nxd4 Nf6 5.Nc3 a6 6.Bg5 Nbd7 7.f4 g6 8.Bxf6 Nxf6
9.e5 Ng4 10.e6 f5 11.Be2 Nf6 12.Qd3 Bg7 13.O-O-O O-O 14.h4 h5 15.Rhe1 Qc7
16.Bf3 Rb8 17.a4 b5 18.axb5 axb5 19.Nc6 Ne4 20.Nd5 Ra8 21.Bxe4 fxe4 22.Qxe4
Qb7 23.Ncxe7+ {#r} 1-0

[Event "It (open)"]
[Site "masterchessopen.com Wijk aan Zee (Netherlands)"]
[Round "9"]
[White "Van Blitterswijk Stefan (NED)"]
[Black "Van Der Weide Karel (BEL)"]
[Result "1-0"]
[WhiteElo "2351"]
[BlackElo "2467"]

1.e4 c5 2.Nf3 d6 3.d4 cxd4 4.Nxd4 Nf6 5.Nc3 a6 6.Bg5 Nbd7 7.f4 g6 8.Qf3 Bg7
9.O-O-O O-O 10.h3 Qc7 11.g4 e6 12.Bg2 Rb8 13.Rhe1 b5 14.e5 dxe5 15.fxe5 Nxe5
16.Qg3 b4 17.Bxf6 Bxf6 18.Ne4 Bg7 19.g5 Bb7 20.Nf6+ Bxf6 21.gxf6 Bxg2 22.Rxe5
Rbd8 23.Qe3 Kh8 24.Rg5 Qb7 25.Rg4 e5 {#r} 1-0

[Event "Ch Czech Republic (juniors) (under 16)"]
[Site "masterchessopen.com Czech Republic"]
[Round "8"]
[White "Belohlavek Petr (CZE)"]
[Black "Malik Jan (CZE)"]
[Result "1-0"]
[WhiteElo "2196"]
[BlackElo "2198"]

1.e4 c5 2.Nf3 d6 3.d4 cxd4 4.Nxd4 Nf6 5.Nc3 a6 6.Bg5 Nbd7 7.Qd2 e6 8.O-O-O Be7
9.f4 Qc7 10.f5 e5 11.Nb3 b5 12.Nd5 Nxd5 13.exd5 Nf6 14.Bxf6 Bxf6 15.g4 h6
16.h4 Bb7 17.Bg2 O-O-O 18.g5 hxg5 19.hxg5 Be7 20.Kb1 Kb8 21.g6 Bf6 22.Na5 Rhe8
23.gxf7 Qxf7 24.Be4 Rh8 25.a4 Qc7 26.axb5 axb5 27.Nc6+ Bxc6 28.dxc6 Rxh1
29.Bxh1 Qb6 30.Qd5 Rh8 31.Qxd6+ Qc7 32.Qc5 {#r} 1-0

[Event "It (open) (juniors) (under 20)"]
[Site "masterchessopen.com Hengelo (Netherlands)"]
[Round "4"]
[White "Konijn Bart (NED)"]
[Black "Sparenberg Erik (NED)"]
[Result "1-0"]
[WhiteElo "2227"]
[BlackElo "2151"]

1.e4 c5 2.Nf3 d6 3.d4 cxd4 4.Nxd4 Nf6 5.Nc3 a6 6.Bg5 Nbd7 7.f4 b5 8.Qf3 Bb7
9.Bd3 Qb6 10.Nb3 e6 11.Bxf6 Nxf6 12.O-O-O d5 13.exd5 Nxd5 14.Be4 O-O-O 15.Nxd5
exd5 16.Bxd5 Bxd5 17.Rxd5 Bb4 18.Rhd1 Rhe8 19.Rxd8+ {#r} 1-0

[Event "It (open) \"]
[Site "masterchessopen.com High Tatras (Slovakia)"]
[Round "8"]
[White "Macak Stefan (SVK)"]
[Black "Sulko Jan (SVK)"]
[Result "1-0"]
[WhiteElo "2244"]
[BlackElo "2110"]

1.e4 c5 2.Nf3 d6 3.d4 cxd4 4.Nxd4 Nf6 5.Nc3 a6 6.Bg5 Nbd7 7.Qd2 b5 8.f3 Bb7
9.a4 b4 10.Nd1 Qa5 11.Nb3 Qc7 12.Qxb4 d5 13.Bxf6 Nxf6 14.Qa5 Qb8 15.Nc3 dxe4
16.O-O-O exf3 17.Bb5+ {#r} 1-0

[Event "Tournament (Elo)"]
[Site "masterchessopen.com Melbourne (Australia)"]
[Round "2"]
[White "Dragicevic Domagoj (AUS)"]
[Black "Hacche David (AUS)"]
[Result "0-1"]
[WhiteElo "2274"]
[BlackElo "2218"]

1.e4 c5 2.Nf3 a6 3.d4 cxd4 4.Nxd4 Nf6 5.Nc3 d6 6.Bg5 Nbd7 7.Be2 Qc7 8.O-O e6
9.a4 b6 10.f4 Bb7 11.Bf3 Be7 12.Kh1 h6 13.Bxf6 Bxf6 14.e5 dxe5 15.Ndb5 axb5
16.Nxb5 Qb8 17.Bxb7 Ra5 18.Bc6 Qd8 19.Qd6 Be7 20.Bxd7+ Qxd7 21.Nc7+ Kd8
22.Qxb6 Qxc7 23.Qxc7+ Kxc7 24.fxe5 f5 25.Rfe1 Rb8 26.b3 Rb4 {#R} 0-1

[Event "It (open)"]
[Site "masterchessopen.com Polanica Zdroj (Poland)"]
[Round "1"]
[White "Stachowiak Kamil (POL)"]
[Black "Abbasov Farid (AZE)"]
[Result "0-1"]
[WhiteElo "2165"]
[BlackElo "2426"]

1.e4 c5 2.Nf3 d6 3.d4 cxd4 4.Nxd4 Nf6 5.Nc3 a6 6.Bg5 Nbd7 7.Qd2 e6 8.O-O-O b5
9.f3 Bb7 10.g4 Rc8 11.h4 Be7 12.Bd3 Nc5 13.Kb1 Qb6 14.Nb3 b4 15.Ne2 d5 16.e5
Nfd7 17.Bxe7 Kxe7 18.Qg5+ Kf8 19.Ng3 h6 20.Qf4 Kg8 21.g5 Nf8 22.Nxc5 Qxc5
23.Qg4 d4 24.Nh5 Qxe5 25.Nf6+ gxf6 26.gxf6+ Ng6 27.Bxg6 Kf8 28.Bxf7 Qxf6
29.Bxe6 Rd8 30.Bf5 Rg8 31.Qh5 Rd5 32.Rde1 Bc6 {#R} 0-1

[Event "Ch Russia (juniors) (under 18) (g)"]
[Site "masterchessopen.com Rybinsk (Russia)"]
[Round "2"]
[White "Kuznetsova Irina (RUS)"]
[Black "Chistiakova Tamara (RUS)"]
[Result "0-1"]
[WhiteElo "2177"]
[BlackElo "2175"]

1.e4 c5 2.Nf3 d6 3.d4 cxd4 4.Nxd4 Nf6 5.Nc3 a6 6.Bg5 Nbd7 7.Qd2 e6 8.O-O-O Qc7
9.f4 Be7 10.Be2 O-O 11.g4 b5 12.Bf3 Bb7 13.Qg2 b4 14.Nce2 Rac8 15.Rd2 Nb6
16.Bxf6 Bxf6 17.g5 Be7 18.Ng3 Nc4 19.Re2 Nxb2 20.Nxe6 Qc3 21.Nf5 Nc4 {#R} 0-1

[Event "Ch Hessen (seniors)"]
[Site "masterchessopen.com Bruchkoebel (Germany)"]
[Round "6"]
[White "Zunker Reinhard Dr (GER)"]
[Black "Holfelder Hans Joachim (GER)"]
[Result "1-0"]
[WhiteElo "2194"]
[BlackElo "2278"]

1.e4 c5 2.Nf3 d6 3.d4 cxd4 4.Nxd4 Nf6 5.Nc3 a6 6.Bg5 Nbd7 7.f4 Qb6 8.Qd2 Qxb2
9.Rb1 Qa3 10.Bxf6 gxf6 11.Nd5 Qxa2 12.Qb4 b5 13.Nc7+ Kd8 14.Nd5 Bb7 15.Nc3 a5
16.Qxb5 Qa3 17.Rb3 Qc5 18.Qxb7 Rc8 19.Ba6 {#r} 1-0

[Event "It (cat.4)"]
[Site "masterchessopen.com Clichy (France)"]
[Round "1"]
[White "Bremond Eric (FRA)"]
[Black "Mrdja Milan (CRO)"]
[Result "0-1"]
[WhiteElo "2260"]
[BlackElo "2346"]

1.e4 c5 2.Nf3 d6 3.d4 cxd4 4.Nxd4 Nf6 5.Nc3 a6 6.Bg5 Nbd7 7.Qe2 b5 8.O-O-O Bb7
9.f4 e5 10.Nf5 Qc7 11.Nd5 Nxd5 12.exd5 f6 13.fxe5 dxe5 14.Bh4 O-O-O 15.d6 Qc6
16.Qe3 Nb6 17.Be2 Nd5 18.Qh3 Kb8 19.Bf3 Qc5 20.b4 Nxb4 21.Rd2 Qc3 22.Re2 Nd3+
23.Kd1 Nf4 24.Qg3 Bxd6 25.Be4 Ba3+ 26.Bd3 Rxd3+ {#R} 0-1

[Event "Moravian League 2002/03 (1st)"]
[Site "masterchessopen.com Czech Republic"]
[Round "1"]
[White "Pavelek Karel (CZE)"]
[Black "Jasny Stanislav (CZE)"]
[Result "0-1"]
[WhiteElo "2194"]
[BlackElo "1858"]

1.e4 c5 2.Nf3 d6 3.d4 cxd4 4.Nxd4 Nf6 5.Nc3 a6 6.Bg5 Nbd7 7.g4 h6 8.Be3 e6
9.Rg1 b5 10.f3 Bb7 11.Qd2 b4 12.Na4 d5 13.exd5 Nxd5 14.Bc4 Ne5 15.Bb3 Nxe3
16.Qxe3 Qxd4 {#R} 0-1

[Event "It (open)"]
[Site "masterchessopen.com Davos (Switzerland)"]
[Round "3"]
[White "Misiano Franco (ITA)"]
[Black "Roschina Tatiana (RUS)"]
[Result "1-0"]
[WhiteElo "2273"]
[BlackElo "2286"]

1.e4 c5 2.Nf3 d6 3.d4 cxd4 4.Nxd4 Nf6 5.Nc3 a6 6.Bg5 Nbd7 7.Bc4 Qa5 8.Qd2 e6
9.O-O-O b5 10.Bb3 b4 11.Nd5 Nxe4 12.Qxb4 Qc5 13.Nxe6 fxe6 14.Qxe4 Ne5 15.Nc7+
Qxc7 16.Qxa8 Kf7 17.Qe4 d5 18.Qf4+ Kg6 19.c3 {#r} 1-0

[Event "It (open) \"]
[Site "masterchessopen.com Kocaeli (Turkey)"]
[Round "2"]
[White "Soylu Suat (TUR)"]
[Black "Keskin Serap (TUR)"]
[Result "1-0"]
[WhiteElo "2411"]
[BlackElo "2038"]

1.e4 c5 2.Nf3 d6 3.d4 cxd4 4.Nxd4 Nf6 5.Nc3 a6 6.Bg5 Nbd7 7.Bc4 g6 8.Qe2 Qc7
9.O-O-O Bg7 10.h4 h5 11.Bb3 O-O 12.g4 hxg4 13.h5 Nxh5 14.Nd5 Qc5 15.Be3 Qa5
16.Nf5 Nc5 17.Ndxe7+ Kh7 18.Qxg4 Nxb3+ 19.Kb1 Bxf5 20.Rxh5+ {#r} 1-0

[Event "It (open)"]
[Site "masterchessopen.com Ostrava (Czech Republic)"]
[Round "2"]
[White "Holusova Tana (CZE)"]
[Black "Jasny Stanislav (CZE)"]
[Result "0-1"]
[WhiteElo "2094"]
[BlackElo "1858"]

1.e4 c5 2.Nf3 d6 3.d4 cxd4 4.Nxd4 Nf6 5.Nc3 a6 6.Bg5 Nbd7 7.f4 b5 8.Bxf6 Nxf6
9.a3 Qc7 10.Be2 e5 11.Nf3 Bb7 12.Qd3 Be7 13.Nd2 exf4 14.Rf1 O-O 15.O-O-O Rac8
16.Bf3 Nd7 17.Nb3 Ne5 18.Qe2 Nc4 19.Rd3 Bf6 20.Nd1 Rfe8 21.Nd4 d5 22.Bg4 dxe4
23.Bxc8 Rxc8 24.Re1 h6 25.Nxb5 axb5 26.Rb3 f3 27.gxf3 exf3 {#R} 0-1

[Event "It (open)"]
[Site "masterchessopen.com Ostrava (Czech Republic)"]
[Round "8"]
[White "Nabelek Marek (CZE)"]
[Black "Jasny Stanislav (CZE)"]
[Result "0-1"]
[WhiteElo "2086"]
[BlackElo "1858"]

1.e4 c5 2.Nf3 d6 3.d4 cxd4 4.Nxd4 Nf6 5.Nc3 a6 6.Bg5 Nbd7 7.f4 b5 8.Be2 Bb7
9.Bf3 e5 10.Nf5 h6 11.Bh4 Qc7 12.Qd2 g6 13.Ne3 exf4 14.Ned5 Nxd5 15.Nxd5 Bxd5
16.Qxd5 Rc8 17.c3 Qc4 18.Qb7 Bg7 19.Qxa6 Bxc3+ 20.bxc3 Qxc3+ 21.Kf2 Qd4+ {#R}
0-1

[Event "It"]
[Site "masterchessopen.com Ushuaia (Argentina)"]
[Round "8"]
[White "Navarro Oscar (ARG)"]
[Black "Diaz Nahuel (ARG)"]
[Result "0-1"]
[WhiteElo "2065"]
[BlackElo "2375"]

1.e4 c5 2.Nf3 d6 3.d4 cxd4 4.Nxd4 Nf6 5.Nc3 a6 6.Bg5 Nbd7 7.Bc4 b5 8.Bb3 Bb7
9.Qe2 Rc8 10.Rd1 Qb6 11.a3 e6 12.O-O Rxc3 13.bxc3 Nxe4 14.Qg4 h5 15.Qh4 d5
16.Ra1 Ne5 17.Be3 g5 18.Nf3 Nxf3+ 19.gxf3 gxh4 20.Bxb6 Nd2 21.Rfd1 Rg8+ 22.Kh1
d4 23.h3 Bxf3+ 24.Kh2 Bd6# 0-1

[Event "It (open) \"]
[Site "masterchessopen.com Berlin (Germany)"]
[Date "2002.08.23"]
[Round "7"]
[White "Schoenberger Peter (GER)"]
[Black "Heyne Martin (GER)"]
[Result "1-0"]
[WhiteElo "2144"]
[BlackElo "2204"]

1.e4 c5 2.Nf3 a6 3.d4 cxd4 4.Nxd4 d6 5.Nc3 Nf6 6.Bg5 Nbd7 7.Be2 g6 8.Qd2 Bg7
9.Bh6 O-O 10.Bxg7 Kxg7 11.O-O-O Nc5 12.f3 Bd7 13.Rdg1 e5 14.Nb3 Nxb3+ 15.axb3
Be6 16.Rd1 Ne8 17.h4 Nf6 18.Qxd6 Qxd6 19.Rxd6 Rfd8 20.Rxd8 Rxd8 21.Na4 Rd6
22.Nc5 Rb6 23.Nxe6+ fxe6 24.Rd1 Nh5 25.Rd7+ Kh6 26.g4 {#r} 1-0

[Event "Staatsliga B West 2002/03"]
[Site "masterchessopen.com Austria"]
[Round "8"]
[White "Endthaler Arnold (AUT)"]
[Black "Erhard Jakob (AUT)"]
[Result "1-0"]
[WhiteElo "2088"]
[BlackElo "2098"]

1.e4 c5 2.Nf3 d6 3.d4 cxd4 4.Nxd4 Nf6 5.Nc3 a6 6.Bg5 Nbd7 7.f3 Qc7 8.Qd2 e6
9.O-O-O Be7 10.Kb1 O-O 11.g4 b5 12.Bd3 Bb7 13.h4 Nb6 14.Bh6 gxh6 15.Qxh6 e5
16.g5 Ne8 17.Rdg1 Nc4 18.Nf5 Rc8 19.g6 fxg6 20.Rxg6+ hxg6 21.Qxg6+ Kh8 22.Qh6+
Kg8 23.Rg1+ Kf7 24.Qg6# 1-0

[Event "It (open)"]
[Site "masterchessopen.com Biel (Switzerland)"]
[Round "6"]
[White "Zenklusen Rico (SUI)"]
[Black "Petkevich Jusefs (LAT)"]
[Result "0-1"]
[WhiteElo "2308"]
[BlackElo "2436"]

{ Zenklusen Rico (SUI) +1 =0 -0 Petkevich Jusefs (LAT) +2 =3 -1 Zenklusen Rico
(SUI) +1 =0 -0 Petkevich Jusefs (LAT) +2 =3 -1 } 1.e4 { 1 } 1...c5 2.Nf3 d6
3.d4 cxd4 4.Nxd4 Nf6 5.Nc3 a6 6.Bg5 Nbd7 7.f4 g6 { ? } ( 7...Qb6 8.Qd2 e6
9.O-O-O Be7 10.Nf3 Qc7 11.Re1 b5 12.e5 b4 13.Nd1 dxe5 14.fxe5 Nd5 15.Bxe7 Nxe7
16.Qxb4 Bb7 17.Qc3 Qxc3 18.Nxc3 Bxf3 19.gxf3 Ng6 20.Re4 Ngxe5 21.f4 Ng4 22.Ra4
a5 23.f5 Ngf6 24.fxe6 fxe6 25.Bg2 Ra6 26.Bf1 Ra8 27.Bg2 { ...1/2-1/2,
Lhagvasuren Cedendemberel 2300 - Petkevich Jusefs 2440 , Gdynia 1988 Memorial
Dreszer } ) 8.Bc4 ( 8.Qf3 Bg7 9.O-O-O O-O 10.h3 Qc7 11.g4 e6 12.Bg2 Rb8
13.Rhe1 b5 14.e5 dxe5 15.fxe5 Nxe5 16.Qg3 b4 17.Bxf6 Bxf6 18.Ne4 Bg7 19.g5 Bb7
20.Nf6+ Bxf6 21.gxf6 Bxg2 22.Rxe5 Rbd8 23.Qe3 Kh8 24.Rg5 Qb7 25.Rg4 e5 { 1-0,
Van Blitterswijk Stefan 2351 - Van Der Weide Karel 2467 , Wijk aan Zee 2000 It
(open) } ) ( 8.Qe2 Bg7 9.e5 dxe5 10.fxe5 Nh5 11.O-O-O Bxe5 12.Nd5 Nhf6 13.Nf3
Nxd5 14.Nxe5 h6 15.Bh4 N5b6 16.Nxg6 fxg6 17.Qe6 g5 18.Qg6+ Kf8 19.Bc4 { 1-0,
McDonald Neil R 2360 - Hodgson Julian M 2555 , London 1990 It (open) "Lloyds
Bank" } ) 8...Bg7 { +0,00 CAP } 9.Nf3 { N } ( 9.Qe2 Qc7 ( 9...O-O 10.Nf3 b5
11.Bd3 Bb7 12.O-O Nc5 13.Rae1 Ne6 14.Qd2 Nxg5 15.Nxg5 Qa5 16.a3 b4 17.Nd1 Qc5+
18.Qf2 Qxf2+ 19.Nxf2 bxa3 20.bxa3 Nd7 21.Rb1 Nc5 22.Rfe1 Bc3 23.Re2 Rab8
24.Bc4 h6 25.Nf3 d5 26.exd5 Bxd5 27.Rxb8 Rxb8 28.Bxd5 Rb1+ { ...0-1, Tebourbi
K - Burgener F, Oerebro 1966 Ch World (team) (students) } ) 10.O-O-O O-O
11.Rhe1 b5 12.Bb3 e6 13.e5 dxe5 14.fxe5 Ne8 15.Be7 Nxe5 16.Bxf8 Kxf8 17.Ne4
Nc6 18.Nxc6 Qxc6 19.Qf2 a5 20.Ng5 Nf6 21.Rd8+ Ke7 22.Bd5 Nxd5 23.Rxc8 Qxc8
24.Qxf7+ Kd6 25.Rxe6+ Kc5 26.Qf2+ Kb4 27.Re4+ Qc4 28.a3+ { 1-0, Jansa
Vlastimil 2450 - Wheeler GW 2024 , Prague 1963 Match "Prague-London" (under
26) } ) ( 9.Qe2 Qc7 10.O-O-O O-O 11.Rhe1 b5 12.Bb3 e6 13.e5 dxe5 14.fxe5 Ne8
15.Be7 Nxe5 16.Bxf8 Kxf8 17.Ne4 Nc6 18.Nxc6 Qxc6 19.Qf2 a5 20.Ng5 Nf6 21.Rd8+
Ke7 22.Bd5 Nxd5 23.Rxc8 Qxc8 24.Qxf7+ Kd6 25.Rxe6+ Kc5 26.Qf2+ Kb4 27.Re4+ Qc4
28.a3+ { 1-0, Jansa Vlastimil 2450 - Wheeler GW 2024 , Prague 1963 Match
"Prague-London" (under 26) } ) 9...Qc7 10.Qe2 e5 { ? } ( { ? } 10...Nb6 11.Bb3
Nh5 12.Qd2 h6 { } ) 11.fxe5 dxe5 12.O-O O-O 13.Kh1 b5 14.Bb3 Bb7 15.Rad1 h6
16.Bh4 Rae8 { ?! } ( 16...Nb6 { !? } 17.Nd2 g5 18.Bf2 b4 { } ) 17.a3 Nh5 { ?!
} ( 17...Rc8 { !? } 18.Ne1 g5 19.Bf2 Nb6 { } ) 18.Qd2 { ?! } ( 18.Nd5 { !? }
18...Bxd5 19.exd5 Qd6 20.Be1 { } ) 18...Nc5 19.Bd5 Nf4 20.Bxb7 Qxb7 21.Qe3
Nce6 22.Rd6 Nd4 23.Bf6 Qb8 { ?! } ( 23...Qc7 { !? } 24.Rxa6 b4 25.Bxg7 Kxg7 {
} ) 24.Bxg7 Kxg7 25.Rxa6 Nxc2 26.Qf2 { ?! } ( 26.Qg1 { !? } 26...Nd3 27.Nd5 b4
28.Rb6 { } ) 26...b4 27.Qxc2 { ?! } ( 27.Rb6 { !? } 27...Nd3 28.Qg1 Qc8 29.Nd5
{ } ) 27...bxc3 28.Qxc3 { ? } ( { ? } 28.Rb1 Rc8 29.h3 cxb2 30.Qxb2 { } )
28...Qb5 29.Nd2 Qxa6 30.Rxf4 Rc8 { } {#R} 0-1

[Event "Tournament"]
[Site "masterchessopen.com Lisbon (Portugal)"]
[Round "2"]
[White "Shirley Miguel (POR)"]
[Black "Sukhov Andrey (UKR)"]
[Result "1-0"]
[WhiteElo "1840"]
[BlackElo "2107"]

1.e4 c5 2.Nf3 d6 3.d4 cxd4 4.Nxd4 Nf6 5.Nc3 a6 6.Bg5 Nbd7 7.f4 b5 8.a3 Bb7
9.Bd3 Qb6 10.Nf3 e6 11.Qe2 Be7 12.O-O-O O-O 13.e5 dxe5 14.fxe5 Bxf3 15.gxf3
Qc5 16.Bxf6 Nxf6 17.exf6 Qg5+ 18.Kb1 Qxf6 19.Ne4 Qe5 20.Ng3 Qc7 21.Qe4 g6
22.f4 Rfe8 23.Rhg1 Bf6 24.Nh5 Bh8 25.Rde1 Rad8 26.f5 Rd4 27.Qf3 Be5 28.fxg6
hxg6 29.Bxg6 fxg6 30.Rxg6+ Kh7 31.Nf4 Qxc2+ 32.Kxc2 {#r} 1-0

[Event "It (open) \"]
[Site "masterchessopen.com Omis (Croatia)"]
[Round "6"]
[White "Brulic Denis (CRO)"]
[Black "Muslija Idris (CRO)"]
[Result "1-0"]
[WhiteElo "2241"]
[BlackElo "2204"]

1.e4 c5 2.Nf3 d6 3.d4 cxd4 4.Nxd4 Nf6 5.Nc3 a6 6.Bg5 Nbd7 7.Bc4 h6 8.Bh4 Qc7
9.Bb3 b5 10.Nd5 Nxd5 11.exd5 Nb6 12.Qf3 g5 13.Bg3 Bg7 14.O-O-O Nc4 15.Rhe1 h5
16.Ne6 fxe6 17.dxe6 Bxb2+ 18.Kb1 Bf6 19.Bxc4 bxc4 20.Qxa8 Bc3 21.Kc1 Qc5
22.Rd5 Qc7 23.Re3 Bf6 24.Rf5 O-O 25.Qd5 Kh7 26.Rxg5 Bxg5 27.Qxg5 Qc5 28.Qxe7+
{#r} 1-0

[Event "Ch Switzerland (w)"]
[Site "masterchessopen.com Silvaplana (Switzerland)"]
[Round "7"]
[White "Seps Monika (SUI)"]
[Black "Roschina Tatiana (RUS)"]
[Result "0-1"]
[WhiteElo "2077"]
[BlackElo "2283"]

1.e4 c5 2.Nf3 d6 3.d4 cxd4 4.Nxd4 Nf6 5.Nc3 a6 6.Bg5 Nbd7 7.f4 Qc7 8.Qf3 b5
9.O-O-O Bb7 10.Bd3 g6 11.h3 Bg7 12.Qe3 O-O 13.g4 b4 14.Nce2 e5 15.Nf3 exf4
16.Qxf4 Rfe8 17.Ng3 Rac8 18.Rh2 Nc5 19.Bxf6 Ne6 20.Qd2 Bxf6 21.Rg1 d5 22.e5
Bxe5 23.Nxe5 Qxe5 24.Nf5 Nf4 25.Nh6+ Kg7 26.g5 {#R} 0-1

[Event "Dos Hermanas Qualifier (18-A)"]
[Site "masterchessopen.com Internet"]
[Date "2003.03.18"]
[Round "2"]
[White "Khruschiov Alexey (MDA)"]
[Black "Gislason Gudmundur (ISL)"]
[Result "1-0"]
[WhiteElo "2440"]
[BlackElo "2320"]

1.e4 c5 2.Nf3 d6 3.d4 cxd4 4.Nxd4 Nf6 5.Nc3 a6 6.Bg5 Nbd7 7.Bc4 Qa5 8.Qd2 h6
9.Bxf6 Nxf6 10.O-O-O e6 11.Bb3 Be7 12.f4 O-O 13.g4 Nxg4 14.Rhg1 e5 15.Nf5 Bxf5
16.exf5 h5 17.h3 Nh6 18.f6 Bxf6 19.fxe5 Qxe5 20.Qxh6 Rfe8 21.Kb1 b5 22.Qc1 a5
23.Rd5 Qh2 24.Rxb5 Qxh3 25.Rh1 Qg4 26.Rbxh5 Kf8 27.Nd5 {#r} 1-0

[Event "Ch France (team) (2) 2003/04"]
[Site "masterchessopen.com France"]
[Date "2003.11.16"]
[Round "3"]
[White "Leygue Dominique (FRA)"]
[Black "Armas Julius (FRA)"]
[Result "0-1"]
[WhiteElo "2278"]
[BlackElo "2358"]

1.e4 c5 2.Nf3 d6 3.d4 Nf6 4.Nc3 cxd4 5.Nxd4 a6 6.Bg5 Nbd7 7.f4 g6 8.Qf3 Bg7
9.O-O-O Qc7 10.g4 Nb6 11.Bxf6 Bxf6 12.g5 Bg7 13.f5 Bxd4 14.Rxd4 Qc5 15.Rd5
Nxd5 16.Nxd5 gxf5 17.exf5 Bd7 18.b4 Qd4 19.c3 Qe5 20.Kd2 Bxf5 21.Bg2 Bd7
22.Nf6+ Kd8 23.Nxd7 Qxg5+ 24.Kc2 Qb5 25.Bh3 a5 26.Qxf7 Qe2+ 27.Kb3 axb4
28.Kxb4 Qe4+ 29.Kb3 Qxh1 30.Qf5 Qd1+ 31.Kb2 Qd2+ {#R} 0-1

[Event "Ch Russia (juniors) (under 12)"]
[Site "masterchessopen.com Dagomys (Russia)"]
[Round "0"]
[White "Kirillov Dmitry (RUS)"]
[Black "Drachev Vladimir (RUS)"]
[Result "0-1"]
[WhiteElo "1913"]
[BlackElo "2208"]

1.e4 c5 2.Nf3 d6 3.d4 cxd4 4.Nxd4 Nf6 5.Nc3 a6 6.Bg5 Nbd7 7.Bc4 Qa5 8.Bxf6
Nxf6 9.O-O e6 10.Kh1 b5 11.Bd3 Bb7 12.f3 Be7 13.Qe1 Qb6 14.Rd1 O-O 15.e5 dxe5
16.Qxe5 Rfd8 17.Nb3 Rac8 18.Qg3 h6 19.Nd2 Qc7 20.Qxc7 Rxc7 21.Nce4 Rcd7
22.Nxf6+ Bxf6 23.b3 Be7 24.Rf2 Bb4 25.Nb1 f5 26.a3 Ba5 27.Re2 Kf7 28.b4 Bb6
29.Rde1 Rd6 30.h3 g6 {#R} 0-1

[Event "It (open) (b)"]
[Site "masterchessopen.com Brno (Czech Republic)"]
[Date "2004.07.11"]
[Round "9"]
[White "Hruska Vladimir (CZE)"]
[Black "Zejda Karel (CZE)"]
[Result "1-0"]
[WhiteElo "1985"]
[BlackElo "1866"]

1.e4 c5 2.Nf3 d6 3.d4 cxd4 4.Nxd4 Nf6 5.Nc3 a6 6.Bg5 Nbd7 7.Bc4 e6 8.O-O Qa5
9.Qd2 Be7 10.Rad1 Ne5 11.Bb3 Qc7 12.f4 Nc6 13.Kh1 O-O 14.f5 h6 15.Bxf6 Bxf6
16.Nxc6 Bxc3 17.Qxc3 bxc6 18.Qg3 e5 19.f6 g6 20.Qxg6+ {#r} 1-0

[Event "It (open)"]
[Site "masterchessopen.com Cullera (Spain)"]
[Date "2004.07.23"]
[Round "4"]
[White "Amate Tortosa Bernardo (ESP)"]
[Black "Tortosa Fito Sergio (ESP)"]
[Result "1-0"]
[WhiteElo "2147"]
[BlackElo "2065"]

1.e4 c5 2.Nf3 d6 3.d4 cxd4 4.Nxd4 Nf6 5.Nc3 a6 6.Bg5 Nbd7 7.f4 Qc7 8.Qf3 Rb8
9.O-O-O b5 10.Bd3 Bb7 11.Rhe1 b4 12.Nce2 e6 13.g4 Be7 14.h4 Nc5 15.Bxf6 Nxd3+
16.Qxd3 Bxf6 17.g5 Be7 18.h5 d5 19.e5 Qc4 20.Qg3 g6 21.hxg6 hxg6 22.b3 Qc7
23.Rh1 Kd7 24.Rh6 Rbc8 25.Rdh1 Rhf8 26.Rh7 a5 27.Qg4 Ba6 28.Rxf7 Bxe2 29.Rxe7+
Kxe7 30.Rh7+ {#r} 1-0

[Event "It (open)"]
[Site "masterchessopen.com Besancon (France)"]
[Date "2004.12.28"]
[Round "2"]
[White "Fartaoui M"]
[Black "Diaz Porfirio"]
[Result "0-1"]
[WhiteElo "1450"]
[BlackElo "1640"]

1.e4 c5 2.Nf3 d6 3.d4 cxd4 4.Nxd4 Nf6 5.Nc3 a6 6.Bg5 Nbd7 7.Bc4 b5 8.Bd5 Nxd5
9.exd5 Bb7 10.O-O g6 11.Re1 Bg7 12.Rxe7+ Qxe7 13.Bxe7 Kxe7 14.Nc6+ Kf8 15.Qd2
h5 16.Re1 Ne5 17.Nxe5 Bxe5 18.f4 Bf6 19.Qe3 Kg7 20.f5 Be5 21.Ne4 Rhe8 22.fxg6
fxg6 23.Qd2 Rf8 24.Ng5 Bc8 25.Nf3 Bf6 26.Nd4 Be5 27.Nc6 Bf6 28.Qb4 Bd7 29.Qxd6
Bxc6 30.Qxc6 Rae8 31.Rxe8 Bd4+ {#R} 0-1

[Event "Ch Berlin"]
[Site "masterchessopen.com Berlin (Germany)"]
[Date "2005.04.01"]
[Round "8"]
[White "Jenull Marco (GER)"]
[Black "Hildebrand Gerald (GER)"]
[Result "1-0"]
[WhiteElo "2153"]
[BlackElo "2160"]

1.e4 c5 2.Nf3 d6 3.d4 cxd4 4.Nxd4 Nf6 5.Nc3 a6 6.Bg5 Nbd7 7.f4 Qb6 8.Nb3 Qe3+
9.Qe2 Qxe2+ 10.Bxe2 b5 11.Bf3 Bb7 12.Na5 b4 13.Nd5 Bxd5 14.exd5 Nc5 15.O-O-O
Nfe4 16.Bxe4 Nxe4 17.Rd4 f5 18.Rxb4 h6 19.Bh4 g5 20.fxg5 hxg5 21.Be1 Rc8
22.Rc4 Rb8 23.a4 Bg7 24.b3 Be5 25.g4 Nf6 26.Nc6 Ra8 27.Nxe5 dxe5 28.gxf5 Kf7
29.Bg3 {#r} 1-0

[Event "Ch Vietnam (juniors) (under 11)"]
[Site "masterchessopen.com Ho Chi Minh City (Vietnam)"]
[Round "8"]
[White "Vu Phi Hung (VIE)"]
[Black "Le Trong De Toan (VIE)"]
[Result "0-1"]
[WhiteElo "2105"]
[BlackElo "1949"]

1.e4 c5 2.Nf3 d6 3.d4 cxd4 4.Nxd4 Nf6 5.Nc3 a6 6.Bg5 Nbd7 7.Be2 e6 8.f4 Be7
9.O-O Nc5 10.Bf3 Qb6 11.Rb1 e5 12.Bxf6 gxf6 13.Nd5 Qa7 14.Nc7+ Kd8 15.Nxa8
exd4 16.Qxd4 Qxa8 17.Rbd1 Ne6 18.Qb6+ Ke8 19.f5 Ng5 20.Bh5 Rg8 21.h4 Nxe4
22.Rde1 d5 23.c4 Qb8 24.Rf3 Bd6 25.Rh3 Bxf5 26.Rh1 {#R} 0-1

[Event "It (open)"]
[Site "masterchessopen.com Karvina (Czech Republic)"]
[Round "4"]
[White "Walach Marcin (POL)"]
[Black "Holeksa Zdenek (CZE)"]
[Result "1-0"]
[WhiteElo "2406"]
[BlackElo "2172"]

1.e4 c5 2.Nf3 d6 3.d4 cxd4 4.Nxd4 Nf6 5.Nc3 a6 6.Bg5 Nbd7 7.Qd2 b5 8.Bd3 Bb7
9.O-O b4 10.Nd5 Nxd5 11.exd5 Bxd5 12.Qxb4 f6 13.c4 Bf7 14.Be3 Nc5 15.Be2 e5
16.Nc6 Qc7 17.Bxc5 Qxc6 18.Bf3 e4 19.Bxe4 Qxc5 20.Qa4+ Kd8 21.Bxa8 Qxc4
22.Qa5+ Qc7 23.Qf5 Qc8 24.Qf3 Be7 25.Rac1 Qb8 26.Bb7 Be6 27.Rfe1 Bd7 28.Qe3
{#r} 1-0

[Event "It (open)"]
[Site "masterchessopen.com Albacete (Spain)"]
[Date "2005.09.03"]
[Round "4"]
[White "Picazo Lopez Ignacio (ESP)"]
[Black "Alcaraz Soriano Angela (ESP)"]
[Result "1-0"]
[WhiteElo "1861"]
[BlackElo "2024"]

1.e4 c5 2.Nf3 d6 3.d4 Nf6 4.Nc3 cxd4 5.Nxd4 a6 6.Bg5 Nbd7 7.f4 g6 8.Qf3 Bg7
9.O-O-O Qc7 10.Kb1 b5 11.Bxf6 Nxf6 12.e5 Bb7 13.Qe2 dxe5 14.fxe5 Nh5 15.e6 f5
16.Nxf5 Bxc3 17.Rd7 Qe5 18.Rxe7+ Kf8 19.Rf7+ Ke8 20.bxc3 Qxe2 21.Bxe2 {#r} 1-0

[Event "It (open)"]
[Site "masterchessopen.com Hamburg (Germany)"]
[Date "2005.10.09"]
[Round "9"]
[White "Bracker Frank (GER)"]
[Black "Dangelowski Peter (GER)"]
[Result "1-0"]
[WhiteElo "2064"]
[BlackElo "1769"]

1.e4 c5 2.Nf3 d6 3.d4 cxd4 4.Nxd4 Nf6 5.Nc3 a6 6.Bg5 Nbd7 7.f4 b5 8.Bxf6 gxf6
9.a4 Bb7 10.axb5 axb5 11.Bxb5 Rxa1 12.Qxa1 Qb6 13.Qa4 Qc7 14.Nd5 Bxd5 15.exd5
Kd8 16.Bxd7 Qxd7 17.Nc6+ {#r} 1-0